000 00568nam a2200193Ia 4500
008 151121s9999||||xx |||||||||||||| ||und||
082 _a813-/ निसळ
082 _bHNW-64727
100 _aनिसळ शांता
245 _aसुरभी
260 _b"अनिरुध्द साहित्य प्रकाशन, पुणे।"
260 _c--
300 _a159
600 _aनिसळ शांता
630 _aसुरभी
700 _aनिसळ शांता
730 _aसुरभी
942 _cBOOK
999 _c1246253
_d1246250